| 000 | 00624nam a2200181 4500 | ||
|---|---|---|---|
| 001 | 137821 | ||
| 003 | ES-MaACL | ||
| 005 | 20230906195440.0 | ||
| 007 | t| | ||
| 008 | 070214s1968 sp r ||||1| spa d | ||
| 100 | 1 |
_aSalmerón de Diego, Juan. _9101994 |
|
| 245 | 1 | 0 |
_aIntoxicaciones producidas por pesticidas / _cJuan Salmerón de Diego, José Salmerón de Diego. |
| 260 |
_aMadrid : _bCapacitación Agraria Uguina, _c1968. |
||
| 300 |
_a127 p. : _bil. ; _c25 cm + _e6 h. pleg. |
||
| 700 | 1 |
_aSalmerón de Diego, José. _9101993 |
|
| 710 | 2 |
_aCapacitación Agraria Uguina. _92431 |
|
| 852 |
_aES-MaACL _jC-46085 _bR.66233 |
||
| 999 |
_c137821 _d137821 |
||